000 00477nam a2200181Ia 4500
001 5118
005 20260306145844.0
008 260306t2011||||xx |||||||||||||| ||spa||
041 _aESP
082 _a333.7
_bC235
100 _aCentro Nacional de Planteamiento Estratégico
_eAUT
245 0 _aSíntesis regional:
_brecursos, potenciales y crecimiento
260 _c2011
300 _a420 páginas :
_c29 cm.
650 _aGEN
654 _aCAN
942 _cLIB
_dJUS
_fJUS
_2ddc
_n
999 _c5118
_d5118